|
|
|
|
| LEADER |
00000nab a2200000 a 4500 |
| 001 |
vtls011133535 |
| 003 |
SK-MaSNL |
| 005 |
20260303150958.0 |
| 008 |
230222|2003 xo |||||||||||||||||slo| |
| 015 |
|
|
|a SNBRB
|
| 035 |
|
|
|a (uuid)0c04ea41-f0c3-475c-915f-c5005dd81ca5
|
| 035 |
|
|
|a (urnnbn)urn:nbn:sk:snk:ar-a09oex
|
| 035 |
|
|
|a urn:nbn:sk:snk-ababfu
|
| 040 |
|
|
|a SNKBUCL
|b slo
|c SNKBUCL
|e AACR2
|
| 041 |
0 |
|
|a slo
|
| 044 |
|
|
|a xo
|c SK
|
| 100 |
1 |
|
|a Farárik, Vladimír
|4 aut
|9 1170095
|
| 245 |
1 |
0 |
|a ARCHITEKTÚRA MOBILNÉHO KOMUNIKAČNÉHO SYSTÉMU PRE TAKTICKÝ STUPEŇ VELENIA
|c Vladimír Farárik
|
| 773 |
0 |
|
|t Zborník Vojenskej akadémie Slovenského národného povstania
|g Roč. 10, č. 4 (2003), s. 67-76
|
| 954 |
|
|
|a odborná, vedecká literatúra pôvodná (slovenská)
|2 lita
|
| 958 |
|
|
|a OND
|
| 958 |
|
|
|a EUIPO
|
| 958 |
|
|
|a article13
|
| 999 |
|
|
|c 2015021
|d 2016951
|